Quizzes
Events
Quiz Creation
Community
Videos
Private Events
Remove Ads
Sign In
Join for FREE
Feedback
Dark Mode
Quiz Categories
Sports
Geography
Music
Movies
Television
Just For Fun
Miscellaneous
History
Literature
Language
Science
Gaming
Entertainment
Religion
Holiday
For Kids
Quiz Lab
Recent
Popular Today
Quiz Kudos Today
Editor Picks
Curator Picks
Quizzes by...
Day
Popularity
Type
Ratings
Length
Year
Community
Subscriptions
Recent Discussions
Orange Saloon
Badges
Playlists
Quests
Create
Leaderboards
Showdown
Live 5
Trivia Bingo
Activity
Puzzle Library
Sporcle Events
Private Events
Virtual Trivia
Globe League
Become a Host
Pub Owners
SporcleCon
Opinionation
Our Games
Videos
Blog
Mobile Apps
Partnerships
Remove Ads and Go Orange
Feedback
Entertainment
Celebrity
Famous
Musical
Broadway
Show
Quote
Comic Books
Anime
Superhero
DC Comics
Marvel
Cartoons
Animation
Entertainment
Celebrity
Famous
Musical
Broadway
Show
Quote
Comic Books
Anime
Superhero
DC Comics
Marvel
Cartoons
Animation
Random Quiz
Search Sporcle
×
Quiz Lab
Quiz Lab
Entertainment
google
Type in answers that appear in a list
Type in answers that appear in a list
Classic
Best Score? Go Orange.
Google facts Stats
Can you name the google facts?
By
Green_Army
10m
53 Questions
31 Plays
31 Plays
31 Plays
Comments
Comments
Give Quiz Kudos
Give Quiz Kudos
-
- Ratings
hide this ad
More Info
Replay
Link that replays current quiz
Next Quiz
Link to next quiz in quiz playlist
You Got
0%
They Got
Avg Score
19%
Avg Friend Score
Upgrade to see
Score Distribution
Jump to the score distribution portion of the page
Score
0/53
Timer
10:00
0
Plays Today
google
Name
% Correct
Google products
Gmail
61.3%
Google products
Maps
51.6%
Google products
YouTube
51.6%
Google products top 5
Maps
51.6%
Subsidiaries
YouTube
51.6%
Google products
Images
38.7%
Google products
News
38.7%
Google products top 5
Images
38.7%
Google products top 5
News
38.7%
Google products top 5
Video
35.5%
Google products
Books
32.3%
Google products
Earth
32.3%
Google products top 5
Web
29%
Google products
Translate
25.8%
Google products
Finance
22.6%
Google products
Groups
22.6%
Google products
Mobile
22.6%
Google products
Google Chrome
19.4%
Google products
Blogger
19.4%
Google products
Calendar
19.4%
Google products
Docs
19.4%
Google products
Desktop
16.1%
Google products
Scholar
16.1%
Google products
Toolbar
16.1%
Google products
Sites
16.1%
Google products
Code
16.1%
Google products
Labs
16.1%
google
Name
% Correct
Google products
Picasa
16.1%
Google products
Reader
16.1%
Google products
Alerts
12.9%
Google products
Blog Search
12.9%
Google products
Checkout
12.9%
Google products
Custom Search
12.9%
Google products
iGoogle
12.9%
Google products
Product Search
12.9%
Google products
Trends
12.9%
Google products
Web Search
12.9%
Google products
SketchUp
12.9%
Google products
Talk
12.9%
Google products
Pack
12.9%
Google products
Videos
9.7%
Google products
Web Search Features
9.7%
Google products
Maps for mobile
9.7%
Google products
Search for mobile
9.7%
Subsidiaries
DoubleClick
6.5%
Money facts
$23.651 billion
0%
Money facts
$8.312 billion
0%
Money facts
$6.520 billion
0%
Money facts
$40.497 billion
0%
Money facts
$36.004 billion
0%
Employees
20,621
0%
Subsidiaries
GrandCentral
0%
Subsidiaries
Picnik
0%
Quiz Playlist
Details
Report
Send in Message
Add To Playlist
More Info:
Google Quiz
Classic:
Type in answers that appear in a list
Last Updated: Feb 16, 2017
Quiz Scoreboard
CHALLENGE
Sign Up to Join the Scoreboard
Show All
Scores
Hide
Comments
May contain spoilers
Recently Published
One Thing in Common: World Cities II
by knightlancer
Geography
7m
Popular People in 1961
by mucciniale
History
6m
1-10 Letter E Words III
by El_Dandy
Language
2m
More to Explore
Quiz From the Vault
Featured Blog Post
Where Did the Easter Bunny Come From?
hide this ad
You Might Also Like...
Tags
Extra
google
Today's Top Quizzes in Entertainment
Browse Entertainment
hide this ad
Today's Top Quizzes in google
Browse google
Top Contributed Quizzes in Entertainment
1
Kamen Rider Motifs
2
Dragon Ball Z: Goku's Fights in Order
3
Dragon Ball Z: Mega Character Search
4
One Piece Arcs By Order III
5
Survivor Winners Logic Quiz
6
Undead Unluck Minefield
7
Who Wants to Be a Millionaire: Anime Edition
8
Naruto Arcs in order
9
Demon Slayer 11-1
10
Criteria Quickie: Cartoon Taxonomy II
Explore More
Trending Topics
Anime
Crossword
Kpop
NBA
Harry Potter
Marvel
Disney
Country
The Office
NFL
Pokémon
Puzzle
Song
WWE
Soccer
hide this ad
More By:
Green_Army
Quiz
Plays
Rating
Category
Featured
Created
google facts
31
3.00
Entertainment
May 15, 2010
Go to Creator's Profile
Score Distribution
Quiz Creator Spotlight
Green_Army
Follow
Send a Message
Quizzes Created
-
Created Quiz Play Count
-
More By This Creator
Popular Quizzes Today
1
Find the US States - No Outlines Minefield
2
The Countries of the World
3
Popular People in 1961
4
Find the Countries of Europe - No Outlines Minefield
5
1-10 Letter E Words III
6
Find the US States
7
One Thing in Common: World Cities II
8
US States
More Entertainment Quizzes
Celebrities: More, Better, or Best
Editor's Pick
Trending Quizzes
1-10 Letter F Words
1-10 Letter G Words
Risky Map Clicking: Next State Alphabetically
1-10 Letter F Words II
Risky Map Clicking: States by Unique Starting Letters
Recently Updated
Leaping Animals
pecheneg
Reality TV Shows (A-Z)
bhenderson79
Rickey Henderson's Hall of Fame Teammates
pecheneg
Champions League XIs: Arsenal
pecheneg
Quick Pick: Celebrities in WWE's Hall of Fame
aduchscher
A-Z Keypad Blitz II
pecheneg
Multiple Oscar Actors
pecheneg
Mystery Phrase Blitz: Oscar 'Best Actors'
pecheneg
F. Scott Fitzgerald Novels
LTH
Pick 3 Villains
ddd62291
Trending Topics
NBA
Crossword
Marvel
Disney
Harry Potter
Kpop
Anime
NFL
WWE
Song
Pokémon
Puzzle
Country
Soccer
The Office
Your Account Isn't Verified!
In order to create a playlist on Sporcle, you need to verify the email address you used during registration. Go to your
Sporcle Settings
to finish the process.
Report this User
Report this user for behavior that violates our
Community Guidelines
.
Details:
Send Report
Go to the Sporcle.com Mobile Site →
Comments